Statistiques concernant Tous les adversaires du Borussia Dortmund

Cliquez ici pour prendre le quiz!

Statistiques générales

  • Ce quiz a été pris 40 fois
  • Le résultat moyen est 41 sur 144

Statistiques - réponses

CompétitionClubPays (Indice)% Correct
BundesligaBayern MunichAllemagne
100%
Ligue des ChampionsReal MadridEspagne
88%
BundesligaRB LeipzigAllemagne
82%
BundesligaBayer LeverkusenAllemagne
79%
Ligue des ChampionsFC BarceloneEspagne
79%
BundesligaFC Schalke 04Allemagne
76%
Ligue des ChampionsParis Saint-GermainFrance
76%
Ligue des ChampionsAtlético de MadridEspagne
74%
Ligue des ChampionsManchester CityAngleterre
71%
Ligue des ChampionsOlympique de MarseilleFrance
71%
Ligue des ChampionsAS MonacoFrance
68%
BundesligaFribourg SCAllemagne
68%
BundesligaHertha BerlinAllemagne
68%
Ligue des ChampionsInter MilanItalie
68%
BundesligaKarlsruher SCAllemagne
68%
BundesligaUnion BerlinAllemagne
68%
Ligue des ChampionsClub BrugesBelgique
65%
Matches AmicauxEspanyol BarceloneEspagne
65%
BundesligaWerder BrêmeAllemagne
65%
Europa LeagueFC PortoPortugal
62%
Ligue des ChampionsSL BenficaPortugal
62%
BundesligaVfL WolfsbourgAllemagne
62%
Bundesliga1. FC CologneAllemagne
59%
Matches AmicauxAC MilanItalie
59%
Matches AmicauxManchester UnitedAngleterre
59%
Ligue des ChampionsSlavia PragueTchéquie
59%
Bundesliga1. FSV MayenceAllemagne
56%
Ligue des ChampionsAjax AmsterdamPays-Bas
56%
BundesligaBorussia MönchengladbachAllemagne
56%
BundesligaEintracht FrancfortAllemagne
53%
Matches AmicauxReal Bétis SévilleEspagne
53%
Ligue des ChampionsJuventus TurinItalie
50%
Europa LeagueLiverpool FCAngleterre
50%
Europa LeagueRB SalzbourgAutriche
50%
Ligue des ChampionsRSC AnderlechtBelgique
50%
BundesligaVfB StuttgartAllemagne
50%
Ligue des ChampionsArsenal FCAngleterre
47%
Ligue des ChampionsLazio RomeItalie
47%
Bundesliga1.FC NurembergAllemagne
44%
Coupe d'AllemagneChemnitzer FCAllemagne
44%
BundesligaFC AugsbourgAllemagne
44%
Matches AmicauxHallescher FCAllemagne
44%
Matches AmicauxJohor FCMalaisie
44%
Ligue des ChampionsLegia VarsoviePologne
44%
Matches AmicauxLos Angeles FCÉtats-Unis
44%
Ligue des ChampionsOlympiakosGrèce
44%
Ligue des ChampionsSéville FCEspagne
44%
Matches AmicauxValenciennes FCFrance
44%
Coupe d'Allemagne1860 MunichAllemagne
41%
BundesligaTSG HoffenheimAllemagne
41%
Ligue des ChampionsAPOEL NicosieChypre
38%
BundesligaFortuna DüsseldorfAllemagne
38%
BundesligaGreuther FürthAllemagne
38%
BundesligaHanovre 96Allemagne
38%
Matches AmicauxPSV EindhovenPays-Bas
38%
Europa LeagueWolfsberger ACAutriche
38%
Matches AmicauxSparta PragueTchéquie
35%
Ligue des ChampionsZénith Saint-PétersbourgRussie
35%
Matches AmicauxAustria VienneAutriche
32%
Matches AmicauxFC BâleSuisse
32%
BundesligaFC IngolstadtAllemagne
32%
BundesligaHambourg SVAllemagne
32%
BundesligaVfL BochumAllemagne
32%
BundesligaArminia BielefeldAllemagne
29%
Matches AmicauxFC ZürichSuisse
29%
Matches AmicauxFeyenoord RotterdamPays-Bas
29%
Ligue des ChampionsShakhtar DonetskUkraine
29%
BundesligaSV Darmstadt 98Allemagne
29%
Bundesliga1. FC KaiserslauternAllemagne
26%
Europa LeagueAtalanta BergameItalie
26%
BundesligaSC PaderbornAllemagne
26%
Matches AmicauxAthletic BilbaoEspagne
24%
Europa LeagueQarabag FKAzerbaïdjan
24%
Ligue des ChampionsTottenham HotspurAngleterre
24%
Coupe d'AllemagneDynamo DresdeAllemagne
21%
Ligue des ChampionsMalaga CFEspagne
21%
BundesligaMSV DuisbourgAllemagne
21%
Ligue des ChampionsNaples SSCItalie
21%
Matches AmicauxLech PoznanPologne
18%
Matches Amicaux1.FC HeidenheimAllemagne
15%
BundesligaEnergie CottbusAllemagne
15%
BundesligaHansa RostockAllemagne
15%
Coupe d'AllemagneHolstein KielAllemagne
15%
Europa LeaguePAOK SaloniqueGrèce
15%
Coupe d'Allemagne1. FC MagdebourgAllemagne
12%
Matches AmicauxAlemania Aix-la-ChapelleAllemagne
12%
BundesligaEintracht BrunswickAllemagne
12%
Ligue des ChampionsGalatasaray SKTurquie
12%
Matches AmicauxRC LensFrance
12%
Matches AmicauxSparta RotterdamPays-Bas
12%
Matches AmicauxStade RennaisFrance
12%
Matches AmicauxStandard de LiègeBelgique
12%
Coupe d'Allemagne1. FC SarrebruckAllemagne
9%
BundesligaFC Saint-PauliAllemagne
9%
Ligue des ChampionsSporting CPPortugal
9%
Coupe d'AllemagneSV SandhausenAllemagne
9%
Matches AmicauxChievo VéroneItalie
6%
Matches AmicauxFC Saint-GallSuisse
6%
Matches AmicauxFC SionSuisse
6%
Matches AmicauxFC UtrechtPays-Bas
6%
Europa LeagueFK KrasnodarRussie
6%
Coupe d'AllemagneKFC UerdingenAllemagne
6%
Matches AmicauxRot-Weiss ErfurtAllemagne
6%
Coupe d'AllemagneRot-Weiss EssenAllemagne
6%
Matches AmicauxUrawa Red DiamondsJapon
6%
Matches AmicauxWuppertaler SVAllemagne
6%
Matches AmicauxPreussen MünsterAllemagne
3%
Matches AmicauxRot-Weiss OberhausenAllemagne
3%
Matches AmicauxSeattle SoundersÉtats-Unis
3%
Coupe d'AllemagneStuttgarter KickersAllemagne
3%
Matches AmicauxTuS CoblenceAllemagne
3%
Coupe d'AllemagneVfL OsnabrückAllemagne
3%
Matches AmicauxWürzburger KickersAllemagne
3%
Coupe d'Allemagne1. FC Rielasingen-ArlenAllemagne
0%
Matches AmicauxAlbacete BalompiéEspagne
0%
Matches AmicauxBursasporTurquie
0%
Coupe d'AllemagneEintracht TrèvesAllemagne
0%
Matches AmicauxElche CFEspagne
0%
Matches AmicauxFC LucerneSuisse
0%
Coupe d'AllemagneFC OberneulandAllemagne
0%
Europa LeagueFK QabalaAzerbaïdjan
0%
Matches AmicauxFSV ZwickauAllemagne
0%
Matches AmicauxJeonbuk MotorsCorée du Sud
0%
Europa LeagueKarpaty LvivUkraine
0%
Matches AmicauxKawasaki FrontaleJapon
0%
Coupe d'AllemagneKickers OffenbachAllemagne
0%
Matches AmicauxKSV Hesse-CasselAllemagne
0%
Matches AmicauxKV MalinesBelgique
0%
Europa LeagueOdds BKNorvège
0%
Matches AmicauxRheindorf AltachAutriche
0%
Matches AmicauxSlask WroclawPologne
0%
Coupe d'AllemagneSportfreunde LotteAllemagne
0%
Matches AmicauxSportfreunde SiegenAllemagne
0%
Matches AmicauxSpVgg ErkenschwickAllemagne
0%
Coupe d'AllemagneSpVgg WeidenAllemagne
0%
Matches AmicauxSteaua BucarestRoumanie
0%
Matches AmicauxSunderland AFCAngleterre
0%
Matches AmicauxSV MeppenAllemagne
0%
Coupe d'AllemagneSV WilhelmshavenAllemagne
0%
Matches AmicauxSV Zulte-WaregemBelgique
0%
Matches AmicauxUdinese CalcioItalie
0%
Matches AmicauxVfL RhedeAllemagne
0%
Coupe d'AllemagneVfR AalenAllemagne
0%
Coupe d'AllemagneWacker BurghausenAllemagne
0%

Distribution des résultats

Percentile par nombre de réponses

% des personnes avec chaque résultat

Votre développement - résultats

Vous n’avez pas pris ce quiz